000
00327nam a2200109Ia 4500
008
171211s9999 xx 000 0 und d
245
_a
When You Sing It Now, Just Like New
245
_c
Jillian Ridington and Mr. Robin Ridington PhD
260
_c
2006
650
_x
music
856
_u
http://down.ebook777.com/064/0803290098.pdf
999
_c
348615
_d
348615